Portuguese Color Vocabulary - Statistics

General Stats
  • This quiz has been taken 1,141 times
  • The average score is 9 of 12
Answer Stats
Hint Answer % Correct
green verde
95%
blue azul
94%
black preto
92%
pink cor-de-rosa
90%
red vermelho
86%
white branco
85%
yellow amarelo
77%
orange laranja
77%
brown marrom
59%
purple purpúreo
59%
gray cinzento
58%
tan castanho
39%
No matching quizzes found
Score Distribution
Percent of People with Each Score
Percentile by Number Answered
Your Score History
You have not taken this quiz